| 000 | 01151nam a22003017a 4500 | ||
|---|---|---|---|
| 005 | 20180118154100.0 | ||
| 008 | 130821s2014 xxua gr eng | ||
| 020 | _a068330741X (6a.Ed.) | ||
| 020 | _a9781451127409 (8a.Ed.) | ||
| 040 |
_aCo-BoUCM _bspa _cSandra Palacio (modificó) _d[Nuevo] |
||
| 041 | 0 | 0 | _aeng |
| 060 | 1 | 0 | _aWG 141.5 |
| 245 | 0 | 0 |
_aGrossman's cardiac catheterization, angiography, and intervention _ceditado por Mauro Moscucci |
| 246 | 3 | 0 | _aCardiac catheterization, angiography, and intervention |
| 250 | _a8a. ed. | ||
| 260 |
_aFiladelfia (Pensilvania, Estados Unidos) _bLippincott, Williams & Wilkins _c2014 |
||
| 300 |
_axv, 943 páginas _bilustraciones |
||
| 650 | 0 | 4 |
_aAngiografía _99092 |
| 650 | 0 | 4 |
_aAngioplastia de balón _99099 |
| 650 | 0 | 4 |
_aAngioplastia por laser _99100 |
| 650 | 0 | 4 |
_aCardiología _910489 |
| 650 | 0 | 4 |
_aCateterización cardiaca _910608 |
| 650 | 0 | 4 |
_aMedicina interna _919165 |
| 650 | 0 | 4 |
_aTest de función cardiaca _925439 |
| 700 | 1 |
_aMoscucci, Mauro _988450 |
|
| 730 | 0 |
_aCardiac catheterization, angiography, and intervention. _988451 |
|
| 942 |
_cLIBRO _a15 _e8 _mG878 _2NLM _hWG 141.5 _n0 |
||
| 999 |
_c89844 _d89844 |
||